000 00521cam a22002054a 4500
005 20250605164253.0
008 250528s ||||||||||||||||||||||||d
035 _a21820
020 _a9789603946199
040 _aGR-AtMCL
_bgre
_dGR-AtMCL
_eAACR2
245 1 _aΒΑΣΙΚΗ ΝΕΥΡΟΛΟΓΙΑ
250 _a4
260 _bΕκδόσεις Παρισιάνου,
_c2009
300 _a280
700 1 _aLennox Graham
_97736
700 1 _aWilkinson Iain
_97737
942 _cBK
999 _c6879
_d6879